Представление документа в формате RUSMARC

Поле Инд. ПП Название Значение
Тип записи a
Библиографический уровень a
001 Контрольный номер f153db0b80a5445e93ec9598b4b54a83
005 Дата корректировки 20181120134549.9
100 a Данные общей обработки 20180919 ||| 0rusy0189 ca
101 0_ a Язык текста rus
102 a Страна публикации RU
200 1_ f Первые сведения об ответственности А.И. Стахов
a Заглавие О необходимости смены парадигмы отечественного административного права под воздействием конституционных норм
b Общее обозначение материала Текст
210 d Дата издания 2018
461 _0 1 2000
a Административное право и процесс
463 _0 1 2000
a №6
v С. 15-20
1 2101
d 2018
1 00174f45f1c305e463d869e8436f6070843
606 a Основная рубрика Административное право
610 0_ a Ключевые слова СОВЕТСКОЕ ПРАВО
a Ключевые слова КОНСТИТУЦИИ
a Ключевые слова КОНСТИТУЦИЯ РФ
a Ключевые слова АДМИНИСТРАТИВНЫЙ ПРОЦЕСС
a Ключевые слова ОРГАНЫ ГОСУДАРСТВЕННОЙ ВЛАСТИ
a Ключевые слова ОРГАНЫ ИСПОЛНИТЕЛЬНОЙ ВЛАСТИ
700 _1 a Фамилия Стахов
b Имя А.И.
801 _0 a Страна RU
b Организация РГУП
c Дата составления 20180919
g Правила каталогизации PSBO
801 _1 a Страна RU
b Организация РГУП
c Дата составления 20180919
g Правила каталогизации PSBO
901 t Тип документа b
w Контрольный № источника 74f45f1c305e463d869e8436f6070843
905 a Дата ввода 20180919